Study on forest firebreak construction at angkor park in zone one of siem reap province (ការសិក្សាពីការធ្វើផ្លូវភ្លើងនៅឧទ្យានអង្គរក្នុងតំបន់ទី១នៃខេត្តសៀបរាប) (Record no. 3350)

000 -LEADER
fixed length control field 00661nam a22001577a 4500
003 - CONTROL NUMBER IDENTIFIER
control field OSt
005 - DATE AND TIME OF LATEST TRANSACTION
control field 20151112112213.0
008 - FIXED-LENGTH DATA ELEMENTS--GENERAL INFORMATION
fixed length control field 151112b xxu||||| |||| 00| 0 eng d
040 ## - CATALOGING SOURCE
Transcribing agency RUA
082 ## - DEWEY DECIMAL CLASSIFICATION NUMBER
Classification number FOR YIM 2006 B133 Or.1
100 ## - MAIN ENTRY--PERSONAL NAME
9 (RLIN) 3599
Personal name YIM, KHEMARINNIRDEI.
245 ## - TITLE STATEMENT
Title Study on forest firebreak construction at angkor park in zone one of siem reap province (ការសិក្សាពីការធ្វើផ្លូវភ្លើងនៅឧទ្យានអង្គរក្នុងតំបន់ទី១នៃខេត្តសៀបរាប)
260 ## - PUBLICATION, DISTRIBUTION, ETC. (IMPRINT)
Place of publication, distribution, etc. Phnom Penh
Name of publisher, distributor, etc. RUA
Date of publication, distribution, etc. 2006
300 ## - PHYSICAL DESCRIPTION
Extent x, 52p.
Other physical details ill.
Dimensions 29cm.
942 ## - ADDED ENTRY ELEMENTS (KOHA)
Source of classification or shelving scheme
Koha item type FOR
Holdings
Price effective from Date last seen Permanent Location Not for loan Date acquired Source of classification or shelving scheme Koha item type Barcode Lost status Damaged status Shelving location Withdrawn status Current Location Full call number
2015-11-122015-11-12Library Block B 2015-11-12 FORRUA028606  B133 Library Block BFOR YIM 2006 B133 Or.1
2015-11-122015-11-12Library Block B 2015-11-12 FORRUA028750  B133 Library Block BFOR YIM 2006 B133 Or.2
2015-11-122015-11-12Library Block B 2015-11-12 FORRUA028894  B133 Library Block BFOR YIM 2006 B133 Or.3
2015-11-122015-11-12Library Block B 2015-11-12 FORRUA028756  B133 Library Block BFOR YIM 2006 B133 Or.4
2015-11-122015-11-12Library Block B 2015-11-12 FORRUA028822  B133 Library Block BFOR YIM 2006 B133 Or.5
2015-11-122015-11-12Library Block B 2015-11-12 FORRUA028964  B133 Library Block BFOR YIM 2006 B133 Or.6
មជ្ឈមណ្ឌលឯការនៃសាកលវិទ្យាល័យភូមិន្ទកសិកម្មចំការដូង

Powered by Koha